000
00213 a2200097 4500
001
48674
100
_a
Firsoff, V.A
245
_a
The worlds of mars
260
_a
Edinburgh
_b
Oliver Boyd
_c
090
_c
31588
_d
31588
942
_a
NUST-CAE
_c
M
_c
23989
999
_c
283747
_d
283747